La Ranger - Sech, Justin Quiles, Lenny Tavárez, Dalex, Myke Towers - Estadísticas

Estadísticas generales
  • Esta prueba ha sido intentada 28 veces
  • La puntuación promedio es 320 de 550
Estadísticas de respuestas
Letra % Correcto
a
100%
el
100%
la
100%
no
100%
un
100%
con
86%
danger
86%
de
86%
en
86%
eres
86%
es
86%
esta
86%
lo
86%
ma
86%
ranger
86%
se
86%
86%
T
86%
tu
86%
86%
angel
71%
avenger
71%
ella
71%
fiel
71%
loca
71%
nadie
71%
noche
71%
pa
71%
que
71%
te
71%
y
71%
como
57%
las
57%
lighter
57%
los
57%
me
57%
mi
57%
pero
57%
prender
57%
su
57%
Ta
57%
ta
57%
to
57%
una
57%
aquí
43%
baby
43%
bellaca
43%
buscando
43%
esto
43%
le
43%
mano
43%
monta
43%
nos
43%
pásenme
43%
quiere
43%
quiero
43%
si
43%
Si
43%
sin
43%
soy
43%
super
43%
traje
43%
yo
43%
30
29%
agua
29%
alcen
29%
amiga
29%
asi
29%
bebe
29%
bicho
29%
boquita
29%
cochino
29%
contenido
29%
cuando
29%
dos
29%
estoy
29%
fin
29%
fui
29%
fuimos
29%
grabamos
29%
grabe
29%
hacer
29%
hay
29%
heroe
29%
jarabe
29%
leo
29%
mami
29%
mas
29%
mientras
29%
montate
29%
mueble
29%
nave
29%
nba
29%
ni
29%
novio
29%
pal
29%
partyseo
29%
perreo
29%
pon
29%
pongo
29%
por
29%
porno
29%
quería
29%
quieres
29%
sateo
29%
sea
29%
semana
29%
sienten
29%
stranger
29%
supervise
29%
tas
29%
toca
29%
toma
29%
tomas
29%
voy
29%
ya
29%
ahí
14%
aladino
14%
alfombra
14%
alofoke
14%
apaga
14%
asientos
14%
avengers
14%
bambi
14%
bombillos
14%
brillo
14%
caballo
14%
caigas
14%
camino
14%
candy
14%
cardio
14%
carita
14%
charlie
14%
chingue
14%
chupa
14%
coja
14%
considera
14%
contrato
14%
cuatro
14%
dale
14%
dedos
14%
deseos
14%
di
14%
dijera
14%
dulce
14%
ey
14%
falda
14%
feka
14%
fue
14%
fumo
14%
galdee
14%
gavela
14%
guia
14%
gusta
14%
hacemos
14%
hecha
14%
hierba
14%
huele
14%
igual
14%
importa
14%
infraganti
14%
jolly
14%
ligera
14%
lista
14%
llega
14%
madre
14%
mande
14%
manos
14%
mia
14%
moja
14%
montó
14%
mueve
14%
orgias
14%
pantallita
14%
panty
14%
pared
14%
poli
14%
ponte
14%
pornografia
14%
puesto
14%
pussy
14%
queremos
14%
regresa
14%
renueve
14%
revisandote
14%
rico
14%
roja
14%
ropa
14%
señalarte
14%
sentía
14%
sentimientos
14%
sentó
14%
ser
14%
signo
14%
sudaito
14%
tanto
14%
terminó
14%
teta
14%
the
14%
totito
14%
trainer
14%
trajo
14%
trilogia
14%
trios
14%
vecino
14%
veo
14%
verme
14%
viene
14%
vienen
14%
vuelvan
14%
wet
14%
White
14%
apague
0%
bresh
0%
busque
0%
entrastes
0%
informa
0%
porque
0%
secos
0%
seguir
0%
soltó
0%
vela
0%
No se encontraron pruebas coincidentes
Distribución de puntuación
Porcentaje de gente con cada puntuación
Porcentaje por número respondido
Historial de tus puntuaciones
No has intentado esta prueba.